000 00437 a2200157 4500
001 177191
020 _a
040 _cMagnum
100 _aBarbosa, Elaine Senise
240 1 0 _aA encruzilhada das civilizacoes: catolicos, ortodoxos e muculmanos ...
_lpor
245 1 0 _aA encruzilhada das civilizacoes: catolicos, ortodoxos e muculmanos ...
362 0 _a1899
440 1 _aModerna
697 _aMAGNITO: PARADIDATICO
942 _cBK
999 _c177191
_d177191